000 00655nab a2200181 4500
999 _c372251
_d372251
001 90031
003 OSt
005 20230224131311.0
007 tu
008 110905s2000|||||||
040 _aDE-2950
_cDE-2950
245 0 0 _aGetrennt von den Eltern - junge Ukainerin lebt nun in Frankfurt.
_bKrieg. Mariia Romaniuk war 17 alt, als Russland die Ukraine angriff und sie fliehen musste. Hier spricht sie darüber und wie es ihr in der Oderstadt geht /
_cSelim Pekel
264 _c2023
653 _aFrankfurt (Oder)
653 _aUkraine-Krieg
773 0 _g34. Jahrgang (2023) Nr. 47, 24.02.2023, Seite 16: mit Foto
_tMärkische Oderzeitung
942 _2z
_cA